| 000 | 00421nam a2200169Ia 4500 | ||
|---|---|---|---|
| 008 | 130318s9999 xx 000 0 und d | ||
| 020 | _a9780070658981 | ||
| 082 | _a910.285 CHA/I;1 | ||
| 100 | _aChang, Kang-Tsung | ||
| 245 | _aIntroduction to geographic information systems | ||
| 250 | _a4 | ||
| 260 |
_bMcGraw Hill _aNew York _c2008 |
||
| 300 | _a450 | ||
| 650 | _aCARTOGRAPHY | ||
| 650 | _aGEOCODING | ||
| 650 | _aGIS | ||
| 999 |
_c2036 _d2036 |
||